000 00652nam a2200205Ia 4500
003 GCL
008 140319s9999 xx 000 0 ara d
020 _a3965301977
040 _aGCL /
_cGCL
082 0 4 _a928.1
_bل م
100 1 _aلوسى يعقوب
245 1 0 _aمى أسطورة الحب و الألم /
_cلوسى يعقوب
260 _aالقاهرة :
_bالهيئة المصرية العامة للكتاب ،
_c2005
300 _a143 ص ؛
_c24 سم
490 _aمكتبة الاسرة
_v0
650 0 4 _aالادب العربى
650 0 4 _aمى زيادة
650 0 4 _aالادباء العرب - تراجم
942 _2ddc
_cBK
999 _c8945
_d8945